La invención concreta : colección Patricia Phelps de Cisneros : reflexiones en torno a la abstracción geométrica latinoamericana y sus legados /
Catálodo de la exposición de arte abstracto latinoamericano La invención cocreta, que tuvo sede en el Museo Nacional Centro de Arte Reina Sofía, del 23 de enero al 16 de septiembre de 2013, y que presenta una cronología de obra de arte (pintura, escultura, instalación) desde los años treinta y hasta...
Spremljeno u:
| Autor kompanije: | |
|---|---|
| Daljnji autori: | , , |
| Format: | Knjiga |
| Jezik: | španjolski |
| Izdano: |
Madrid, España :
Museo Nacional Centro de Arte Reina Sofía : Turner,
2013, c2013
|
| Teme: | |
| Oznake: |
Bez oznaka, Budi prvi tko označuje ovaj zapis!
|
MARC
| LEADER | 00000nam^a2200000^a^4500 | ||
|---|---|---|---|
| 001 | 000411806 | ||
| 005 | 20250521000000.0 | ||
| 009 | 20260310122122.16 | ||
| 020 | |a 978-84-15427-96-4 | ||
| 037 | |a Acervo ITESO - Biblioteca | ||
| 041 | |a ESP | ||
| 082 | |a 709. 80033 |b FUN | ||
| 110 | |a Fundación Cisneros | ||
| 245 | 1 | 3 | |a La invención concreta : |b colección Patricia Phelps de Cisneros : reflexiones en torno a la abstracción geométrica latinoamericana y sus legados / |c Curaduría del M. Borja-Villel, G. Pérez-Barreiro ; presen. de P. Phelps de Cisneros, |
| 264 | 4 | |a Madrid, España : |b Museo Nacional Centro de Arte Reina Sofía : |b Turner, |c 2013, c2013 | |
| 300 | |a 195 p. | ||
| 336 | |a texto |b txt |2 rdacontenido | ||
| 337 | |a sin mediación |b n |2 rdamedio | ||
| 338 | |a volumen |b nc |2 rdasoporte | ||
| 520 | |a Catálodo de la exposición de arte abstracto latinoamericano La invención cocreta, que tuvo sede en el Museo Nacional Centro de Arte Reina Sofía, del 23 de enero al 16 de septiembre de 2013, y que presenta una cronología de obra de arte (pintura, escultura, instalación) desde los años treinta y hasta la década de los setenta del siglo XX. | ||
| 649 | |a XX | ||
| 650 | |a Museos y Galerías - |z Madrid, España - |x Exposiciones - |x Catálogos | ||
| 650 | |a Museos y Galerías - |z Madrid, España - |x Exposiciones | ||
| 650 | |a Arte Abstracto - |z Latinoamérica - |x Exposiciones - |x Catálogos - |x Tema Principal | ||
| 650 | |a Arte Abstracto - |z Latinoamérica - |x Exposiciones - |x Tema Principal | ||
| 650 | |a Arte Abstracto - |z Latinoamérica - |x Tema Principal | ||
| 650 | |a Arte Abstracto - |x Historia y Crítica - |x Tema Principal | ||
| 650 | |a Arte Latinoamericano - |x Exposiciones - |x Catálogos | ||
| 650 | |a Arte Latinoamericano - |x Exposiciones | ||
| 650 | |a Arte Latinoamericano - |x Historia y Crítica | ||
| 650 | |a Arte - |x Exposiciones - |x Catálogos | ||
| 650 | |a Arte - |x Exposiciones | ||
| 650 | |a Arte - |x Historia y Crítica | ||
| 700 | |a Phelps de Cisneros, Patricia |e (presentación) | ||
| 700 | |a Borja-Villel, Manuel |e (curaduría) | ||
| 700 | |a Pérez-Barreiro, Gabriel |e (curaduría) | ||
| 910 | |a Fondo General | ||
| 920 | |a Impresos - Libros | ||
| 930 | |a Reserva Especial | ||
| 905 | |a 103 | ||
| 901 | |a 0500320609 |b IT1 |c REE |i C138520 |u 20250521 | ||
| 902 | |a https://opac.biblio.iteso.mx/vufind/Record/000411806 | ||